Les 30 plus grands pays dans l'ordre - Statistiques

Statistiques générales
  • Ce quiz a été pris 92 fois
  • Le résultat moyen est 10 sur 30
Statistiques - réponses
Pays km² % Correct
1 Russie 17,1 M
100%
2 Canada 9,9 M
93%
3 Etats-Unis 9,8 M
75%
4 Chine 9,6 M
74%
5 Brésil 8,5 M
70%
6 Australie 7,7 M
67%
7 Inde 3,2 M
64%
8 Argentine 2,78 M
49%
10 Algérie 2,38 M
48%
9 Kazakhstan 2,72 M
41%
14 Mexique 1,96 M
36%
18 Iran 1,62 M
26%
19 Mongolie 1,56 M
26%
16 Soudan 1,86 M
26%
13 Arabie Saoudite 2,2 M
25%
15 Indonésie 1,91 M
25%
17 Libye 1,67 M
19%
20 Pérou 1,285 M
17%
21 Tchad 1,284 M
17%
25 Afrique du Sud 1,22 M
15%
30 Egypte 1 M
15%
12 Danemark 2,21 M
14%
24 Mali 1,24 M
14%
22 Niger 1,267 M
14%
23 Angola 1,246 M
12%
26 Colombie 1,14 M
12%
28 Bolivie 1,09 M
11%
27 Ethiopie 1,1 M
11%
29 Mauritanie 1,03 M
10%
11 R. D. Congo 2,34 M
7%
Aucun quiz correspondant
Distribution des résultats
% des personnes avec chaque résultat
Percentile par nombre de réponses
Votre historique - résultats
Vous n’avez pas pris ce quiz